000 00573nam a2200193 i 4500
001 86205
003 ES-MaACL
005 20250815091737.0
007 t|
008 041209s1977 sp ||||1| spa d
100 1 _aKesselman, Hernan.
_967951
245 1 0 _aPsicoterapia breve /
_cHernan Kesselman.
260 _a[Madrid] :
_bFundamentos,
_c[1977]
300 _a200 p. ;
_c20 cm.
490 1 _aColección ciencia. Serie psicología
830 0 0 _aColección ciencia (Fundamentos)
_9227763
852 _aES-MaACL
_jA-6758
_bR.95810
999 _c86205
_d86205